000 00675nmm a2200205Ia 4500
008 251105s9999||||xx |||||||||||||||||und||
020 _a8477338531
041 _aspa
100 _aO’Rourke, Kevin H.
245 0 _aGlobalización e historia. La evolución de una economía atlántica del siglo XIX
264 _a[Madrid, España] :
_bPrensas Universitarias de Zaragoza,
_c2006
300 _a430 páginas
490 _aCiencias sociales
650 _aEconomics and Business
700 _aO’Rourke, Kevin H.
700 1 _a Williamson, Jeffrey G.
700 1 _a Ponz Espallargas, Montserrat
856 _uhttps://public.digitaliapublishing.com/a/2121
942 _cCF
999 _c69447
_d69447